| 000 | 00657nam a2200193Ia 4500 | ||
|---|---|---|---|
| 003 | GCL | ||
| 008 | 140319s9999 xx 000 0 ara d | ||
| 040 |
_aGCL / _cGCL |
||
| 082 | 0 | 4 | _a347.06 |
| 100 | 1 | _aسعيد احمد شعلة | |
| 245 | 1 | 0 |
_aقضاء النقض المدنى والجنائى فى التقادم / _cسعيد احمد شعلة |
| 260 |
_a[S.N] : _b2000 للثقافة والنشر ، _c1991 |
||
| 300 | _a447 ص | ||
| 490 |
_aالسلسلة الشعرية الثانية _v0 |
||
| 650 | 0 | 4 | _aالقانون الجنائى |
| 650 | 0 | 4 | _aالقانون المدنى |
| 650 | 0 | 4 | _aالمنازعات العمالية |
| 942 |
_2ddc _cBK |
||
| 999 |
_c37072 _d37072 |
||